La juventud es más que una palabra: ensayos sobre cultura y juventud /

Uloženo v:
Podrobná bibliografie
Hlavní autor: Margulis, Mario
Médium: Neznámo
Vydáno: Buenos Aires: Biblos
Témata:
Tagy: Přidat tag
Žádné tagy, Buďte první, kdo vytvoří štítek k tomuto záznamu!

MARC

LEADER 00000 a2200000 04500
001 12093
003
008 991231s d
040
090 |a 141904  
100 |a Margulis, Mario 
245 |a La juventud es más que una palabra: ensayos sobre cultura y juventud /  |c Mario Margulis 
260 |a Buenos Aires:   |b Biblos  
300 |a 241 p.  
500 |a Presenta una bibliografía general de 238 referencias, pp. 231-241  
650 |a JUVENTUD  
650 |a CULTURA  
650 |a IDENTIDAD CULTURAL  
650 |a GRUPOS DE EDAD  
650 |a SALUD  
650 |a ENFERMEDADES  
999 |c 7605  |d 7605